Dessin animé par image n°2 - Statistiques

Statistiques générales
  • Ce quiz a été pris 169 fois
    156 depuis la dernière actualisation
  • Le résultat moyen est 13 sur 16
Statistiques - réponses
Par images Réponse % Correct
Les Dalton
99%
Garfield
98%
Oggy et les cafards
97%
Hello Kitty
96%
Maya l'abeille
96%
Marsupilami
95%
Totally spies
94%
Franklin
89%
Le petit Nicolas
86%
Yakari
85%
Samsam
84%
Phinéas et Ferb
76%
Zig et Sharko
74%
Masha et Michka
57%
Adventure time
50%
L'apprenti Père Noël
39%
Aucun quiz correspondant
Distribution des résultats
% des personnes avec chaque résultat
Percentile par nombre de réponses
Votre historique - résultats
Vous n’avez pas pris ce quiz depuis la dernière actualisation